| 000 | 01268ngm a22003730a 4500 | ||
|---|---|---|---|
| 001 | PT36864 | ||
| 003 | AR-LpoUNG | ||
| 005 | 20210202000506.0 | ||
| 007 | vd cvaizq | ||
| 008 | 191001s2005||||ag |||||||||||||||||spa d | ||
| 037 | _c$8.30 | ||
| 040 |
_aAR-LpoUNG _bspa _cAR-LpoUNG _eaacr |
||
| 041 | _aspa | ||
| 044 | _aag | ||
| 082 | 0 | _a302.1 277bue | |
| 100 | 1 |
_aAgresti, Alejandro _edir. |
|
| 245 | 1 | 0 | _aBuenos Aires viceversa |
| 260 |
_aBuenos Aires : _bSBP, _c2005. |
||
| 300 | _aDVD (112 min.) : son., col. | ||
| 505 | 0 | _aHecha en 1997. - Elenco: Vera Fogwill, Fernán Mirás, Nicolás Pauls, Mirta Busnelli.Solo apta para mayores de 13 años. | |
| 520 | _aJóvenes desorientados, dos de ellos son hijos de padres desaparecidos en la última dictadura, entrelazan sus vidas con adultos llevando la acción a un final tan dramático como simbólico del pasado reciente, cuyos efectos perduran en pensamientos y acciones de los protagonistas. | ||
| 650 | 4 | _aARGENTINA | |
| 650 | 4 | _aDEMOCRACIA | |
| 650 | 4 | _aDICTADURA | |
| 650 | 4 | _aGOBIERNO MILITAR | |
| 650 | 4 | _aHISTORIA SOCIAL | |
| 650 | 4 | _aJUVENTUD | |
| 650 | 4 | _aMEDIO URBANO | |
| 651 | 4 | _aArgentina | |
| 653 | _aCINE ARGENTINO | ||
| 653 | _aVIDEOS | ||
| 905 | _a36864 | ||
| 942 | _cDVD | ||
| 999 |
_c54958 _d54958 |
||